000 00431pab a2200157 454500
008 180718b2013 xxu||||| |||| 00| 0 eng d
100 _aLebaron, Genevieve
245 _aThe rise of a 'New Slavery;? Understanding african unfree labour through neoliberalism
260 _c2013
300 _ap.873-892.
650 _aSlavery
700 _aAyers, Alison J.
773 _aThird World Quarterly
908 _aN
909 _a100973
999 _c100972
_d100972